000 00282nam a2200109Ia 4500
008 200302s9999 xx 000 0 und d
100 _aAlicia Kennedy ed
245 _aThe architecture Rerence Specification book
260 _bRockport Publishers Inc.
260 _c2013
300 _a272
999 _c7009
_d7009